000 00306 a2200157 4500
001 170044
020 _a
040 _cMagnum
100 _aLeigh, Susannah
240 1 0 _aA escola legal
_lpor
245 1 0 _aA escola legal
362 0 _a1899
440 1 _aScipione
697 _aIJ/GERAL
942 _cBK
999 _c170044
_d170044